000 02062nam a22002897a 4500
001 1369
005 20230822141548.0
008 230822b cb ||||| |||| 00| 0 khr d
020 _a9789995054748
040 _aFISKH
_beng
_cFISKH
_dFISKH
082 _a684.08
100 _aSumnea, Meng
245 _aជីវិតជាងចម្លាក់ឈើ /
_cនិពន្ធរឿងដោយ ម៉េង សុមនា - គូររូបដោយ Margherita del Balzo
250 _bបោះពុម្ពលើកទី ៧ ខែមិថុនា ឆ្នាំ ២០២១
260 _aPhnom Penh :
_bSipar,
_c2021.
300 _a40 pages :
_bcolor illustrations ;
_c25 cm
490 _aខ្ញុំចង់អាន
505 _aP
520 _aសុបុត្រាគឺជាកូនជាងចម្លាក់ឈើម្នាក់។ ថ្ងៃមួយម្ដាយរបស់ខ្លួនបានឈឺធ្ងន់ ហើយមានពេលតែ ៧ថ្ងៃប៉ុណ្ណោះ បើគ្មានថ្នាំព្យាបាលទេម្ដាយរបស់ខ្លួននឹងស្លាប់។ សុបុត្រា បានទៅស្វែងរកថ្នាំអោយម្ដាយរបស់ខ្លួននៅឯព្រៃអាថ៍កំបាំងមួយ ដែលគួរឳ្យខ្លាច ថែមទាំងមានយក្សទៀតផង។
520 _aSobotra is the son of a carpenter. One day his mother became very ill and in just seven days she would die without treatment. Sobotra went to find medicine for his mother in a mysterious forest that was scary and even had a giant​ monster.
521 _a650
_bLexile estimate
521 _aP
_bRaz-Plus
650 _aCarpenter
_vVery ill
_xSecret forest
650 _aជាងចម្លាក់
_vឈឺធ្ងន់
_xព្រៃអាថ៍កំបាំង
700 _aBalzo, Margherita del
_cillustrator
942 _2ddc
_cBK
_n0
999 _c1369
_d1369